Normal view
MARC view
- عالم عربي- احوال سياسية، عالم عربي-تاريخ
Entry Topical Term
001 - CONTROL NUMBER
- control field: 18109
003 - CONTROL NUMBER IDENTIFIER
- control field: JO-AjAnu
005 - DATE AND TIME OF LATEST TRANSACTION
- control field: 20230606073203.0
008 - FIXED-LENGTH DATA ELEMENTS
- fixed length control field: 230606|| aca||aabn | a|a d
040 ## - CATALOGING SOURCE
- Original cataloging agency: JO-AjAnu
- Transcribing agency: JO-AjAnu
150 ## - HEADING--TOPICAL TERM
- Topical term or geographic name entry element: عالم عربي- احوال سياسية، عالم عربي-تاريخ
670 ## - SOURCE DATA FOUND
- Source citation: Work cat.: (JO-AjAnu)9297: تاليف السامرائي، شفيق عبد الرزاق, author 18108, المشرق العربي، المجلد الأول